Statistics for Guess movies by emojis #2

Click here to take the quiz!

General Stats

  • This quiz has been taken 44 times
  • The average score is 4 of 20

Answer Stats

HintAnswer% Correct
๐Ÿ ๐Ÿ”โ“Finding Nemo
75%
๐Ÿคก๐ŸŽˆ๐Ÿ‘จโ€๐Ÿ‘จโ€๐Ÿ‘งโ€๐Ÿ‘ฆIt
61%
โญ๐Ÿ”ซ๐ŸŒŒStar Wars
58%
๐Ÿง‘โ€๐Ÿญ๐ŸซCharlie and the Chocolate Factory
39%
๐Ÿฆ™๐Ÿ‘‘๐Ÿ†•The Emperorโ€™s New Groove
22%
๐Ÿ’™๐Ÿง ๐Ÿฆธโ€โ™‚๏ธMegamind
19%
๐Ÿฑ๐Ÿฅพ๐ŸฅšPuss in Boots
19%
๐Ÿ ๐Ÿญ๐ŸฑThe House
14%
๐Ÿฑ๐Ÿฅพโ˜ ๏ธPuss in Boots: The Last Wish
11%
๐ŸŽฐ๐Ÿ’Š๐Ÿ˜ตThe Hangover
11%
๐Ÿ‘น๐Ÿด๐Ÿ‘ธShrek
8%
๐Ÿ‘ฑโ€โ™€๏ธ๐Ÿ’Ÿ๐ŸดBarbie
3%
๐ŸŒก๏ธ๐Ÿ’ฐ๐Ÿ›๏ธHeat
3%
๐Ÿ๐Ÿ‰โ˜ ๏ธHeathers
3%
๐Ÿ”ฎ๐Ÿ”ดโ˜ ๏ธMinority Report
3%
๐ŸŒ™๐Ÿ‘จโ€๐Ÿ‘ง๐Ÿš—Paper Moon
3%
๐ŸŒถ๏ธ๐Ÿ’ซ๐Ÿ’คPaprika
3%
๐Ÿ”ต๐ŸŽ™๏ธ๐Ÿ”ชPerfect Blue
3%
๐Ÿงตโ˜„๏ธ๐Ÿ’•Your Name
3%
๐Ÿ•บโœจ๐Ÿ“ธZoolander
3%

Score Distribution

Percentile by Number Answered

Percent of People with Each Score

Your Score History

You have not taken this quiz